Momo o la extraña historia de los ladrones del tiempo y de la niña que devolvió el tiempo a los hombres / (Registro nro. 9028)

Detalles MARC
000 -LIDER
fixed length control field 00993nam a22002897a 4500
001 - NÚMERO DE CONTROL
Identificador de número de control 0002356
003 - IDENTIFICACDOR DE NÚMERO DE CONTROL
control field DO-SdBNP
005 - DATE AND TIME OF LATEST TRANSACTION
control field 20241018102321.0
007 - CAMPOS FIJOS DE DESCRIPCIÓN FÍSICA
fixed length control field 0002356
008 - ELEMENTOS DE LONGITUD FIJA
fixed length control field 151104b 1978 mx |||| 00| 0 spa d
020 ## - ISBN
International Standard Book Number 8420432113
040 ## - FUENTE DE CATALOGACIÓN
Agencia que crea de manera original el registro BPMSU
Idioma de catalogación spa
Agencia que realiza la transcripción BPMSU
082 #4 - NÚMERO DE CLASIFICACIÓN DECIMAL DE DEWEY
Classification number 833.91
Item number E56m
Edition number 22
100 1# - ASIENTO PRINCIPAL -- NOMBRE PERSONAL
Nombre personal Ende, Michael,
Fechas asociadas con el nombre 1929-1995.
245 10 - MENCIÓN DE TITULO
Título Momo o la extraña historia de los ladrones del tiempo y de la niña que devolvió el tiempo a los hombres /
Mención de responsabilidad Michael Ende ; traducción de Susana Constante
250 ## - MENCIÓN DE EDICION
Mención de edición 45 reimpr.
260 0# - PUBLICACIÓN, DISTRIBUCIÓN, ETC. (PIE DE IMPRENTA)
Lugar de publicación, distribución, etc Madrid :
Nombre del editor, distribuidor, etc. Alfaguara,
Fecha de publicación, distribución, etc 1995
300 ## - DESCRIPCIÓN FÍSICA
Extensión 255 p. ;
Otros detalles físicos il.:
Dimensiones 22 cm.
500 ## - NOTA GENERAL
Materiales especificados Incluye datos biográficos del autor en la contracubierta
500 ## - NOTA GENERAL
Materiales especificados La biblioteca posee la cuadragésima quinta reimpresión 1995
650 #4 - ENCABEZAMIENTO DE MATERIA--TEMÁTICO
Término temático o nombre geográfico como elemento de entrada NOVELA ALEMANA
650 #4 - ENCABEZAMIENTO DE MATERIA--TEMÁTICO
Término temático o nombre geográfico como elemento de entrada LITERATURA ALEMANA
700 ## - ASIENTO SECUNDARIO -- NOMBRE PERSONAL
Nombre personal Constante, Susana,
Fechas asociadas con el nombre 1944-
Mención de responsabilidad tr.
942 ## - ADDED ENTRY ELEMENTS (KOHA)
Source of classification or shelving scheme Dewey Decimal Classification
Koha item type Libros
945 ## - INFORMACIÓN DE PROCESAMIENTO LOCAL
Información de procesamiento local Inventariado, 2018/MFF
956 ## - LOCAL ELECTRONIC LOCATION AND ACCESS (OCLC)
Método de acceso VMATEO
Materiales especificados 10
Enlace 20151207
Campo enlazado y núm. de secuencia BPMSU
Nombre de host 00151
Existencias
Withdrawn status Lost status Source of classification or shelving scheme Damaged status Not for loan Collection code Home library Current library Date acquired Total Checkouts Full call number Barcode Date last seen Price effective from Koha item type
    Dewey Decimal Classification     Colección Juvenil General Biblioteca Pública Metropolitana Salomé Ureña Biblioteca Pública Metropolitana Salomé Ureña 10/19/2016   BPMSU CJG 833.91 E56m BPMSU16111499 10/19/2016 10/19/2016 Libros